| 000 | 00309nam a2200109Ia 4500 | ||
|---|---|---|---|
| 008 | 230907s9999||||xx |||||||||||||| ||und|| | ||
| 082 |
_a621.042 _bHOR |
||
| 100 |
_aHordeski, Micheal _9118034 |
||
| 245 |
_aNew technologies for energy efficiency / _cMicheal Hordeski. |
||
| 260 | _c2019-09-27 | ||
| 942 |
_2ddc _cEB |
||
| 999 |
_c599658 _d599658 |
||